The practical sheet metal worker : (Record no. 548695)
[ view plain ]
| 000 -LEADER | |
|---|---|
| fixed length control field | 00555cam a22001451a 4500 |
| 082 ## - DEWEY DECIMAL CLASSIFICATION NUMBER | |
| Classification number | 671.823 |
| Author Mark | PRA |
| -- | L-17, P-64 |
| 100 1# - MAIN ENTRY--PERSONAL NAME | |
| Personal name | Murphy, J.S. |
| 9 (RLIN) | 45096 |
| 245 14 - TITLE STATEMENT | |
| Title | The practical sheet metal worker : |
| Remainder of title | a comprehensive guide for eveyone connected with the sheet metal industry / |
| Statement of responsibility, etc. | edited by J.S. Murphy, with contributions by six specialist authors. |
| 260 ## - PUBLICATION, DISTRIBUTION, ETC. | |
| Place of publication, distribution, etc. | London : |
| Name of publisher, distributor, etc. | Odhams, |
| Date of publication, distribution, etc. | [1944?] |
| 300 ## - PHYSICAL DESCRIPTION | |
| Extent | 384 p. : |
| Other physical details | ill. ; |
| Dimensions | 22 cm. |
| 526 ## - STUDY PROGRAM INFORMATION NOTE | |
| Program name | 0 |
| Interest level | 0 |
| Reading level | 0 |
| Title point value | 671_823000000000000_PRA |
| 650 #0 - SUBJECT ADDED ENTRY--TOPICAL TERM | |
| Topical term or geographic name entry element | MCE |
| 9 (RLIN) | 379 |
| 650 #0 - SUBJECT ADDED ENTRY--TOPICAL TERM | |
| Topical term or geographic name entry element | Sheet-metal work. |
| 9 (RLIN) | 44988 |
| 942 ## - ADDED ENTRY ELEMENTS (KOHA) | |
| Source of classification or shelving scheme | |
| Koha item type | Book |
| Withdrawn status | Lost status | Source of classification or shelving scheme | Damaged status | Not for loan | Permanent Location | Current Location | Date acquired | Total Checkouts | Full call number | Barcode | Date last seen | Price effective from | Koha item type |
|---|---|---|---|---|---|---|---|---|---|---|---|---|---|
| Military College of Engineering (MCE) | Military College of Engineering (MCE) | 09/04/2014 | 671.823 PRA | MCE-40108 | 09/04/2014 | 09/04/2014 | Book |
